Didáctica de la moral y del lenguaje
Salvato in:
| Autori principali: | , |
|---|---|
| Natura: | Libro |
| Lingua: | spagnolo |
| Pubblicazione: |
Buenos Aires
Kapelusz
1961
|
| Serie: | Biblioteca de Cultura Pedagógica
|
| Soggetti: | |
| Tags: |
Aggiungi Tag
Nessun Tag, puoi essere il primo ad aggiungerne!!
|
MARC
| LEADER | 00000nam a2200000 a 4500 | ||
|---|---|---|---|
| 001 | UCZ9794 | ||
| 003 | CL-VaPUC | ||
| 008 | 960311e19610000AG |||||||||||||||||spa|d | ||
| 082 | 0 | 4 | |a 370.114 |b LEI |2 21 |
| 100 | |a Leif, Joseph |e author |9 333161 | ||
| 700 | 0 | |a Rustin, G |e author |9 354666 | |
| 245 | 1 | 0 | |a Didáctica de la moral y del lenguaje |
| 300 | |a 229 p | ||
| 942 | |c BK | ||
| 945 | |d 19960311 00:00:00 |a lriquelm | ||
| 260 | |a Buenos Aires |b Kapelusz |c 1961 | ||
| 650 | 0 | |a Educación moral |9 308319 | |
| 650 | 0 | |a Educación lingüística |9 306506 | |
| 650 | 0 | |a Métodos de enseñanza |9 270413 | |
| 650 | 0 | |a Ética |9 255099 | |
| 650 | 7 | |a ENSEÑANZA DE LA LENGUA MATERNA |2 CL-VaPUC |9 334470 | |
| 583 | |a last modification |c 19960311 00:00:00 |k Rodrigo Vera | ||
| 490 | 0 | |a Biblioteca de Cultura Pedagógica | |
| 999 | |c 244859 |d 244857 | ||
| 952 | |0 0 |1 0 |4 0 |6 370_114000000000000_LEI_1961 |7 0 |8 P |9 259113 |a BIBEDU |b BIBEDU |c BIBEDU_PB |d 2019-11-19 |i 1629999 |o 370.114 LEI 1961 |p 1629999 |r 2024-01-25 |w 2019-11-19 |y BK |k EDU | ||